| 000 | 00430nam a2200181Ia 4500 | ||
|---|---|---|---|
| 001 | 4104 | ||
| 005 | 20260306145731.0 | ||
| 008 | 260306t2005||||xx |||||||||||||| ||spa|| | ||
| 041 | _aESP | ||
| 082 |
_a306.85 _bH12 Nº 82 |
||
| 100 |
_aJavaloyes, Juan José _eAUT |
||
| 245 | 0 | _aEl arte de enseñar a amar | |
| 260 | _c2005 | ||
| 300 |
_a232 páginas : _c19 cm. |
||
| 650 | _aGEN | ||
| 654 | _aCED | ||
| 942 |
_cLIB _dJUS _fJUS _2ddc _n |
||
| 999 |
_c4104 _d4104 |
||